Statistics for Countries Suffering Most WWII Casualties

Click here to take the quiz!

General Stats

  • This quiz has been taken 55 times
  • The average score is 4 of 9

Answer Stats

Casualties%Answer% Correct
6,000,00016.93-17.22Poland
94%
1,000,000-1,700,0006.63-10.97Yugoslavia
57%
464,0005.08Hungary
57%
507,000-807-0007.02-11.17Greece
54%
250,00012.5Latvia
48%
83,0007.3Estonia
48%
370,00014.36Lithuania
46%
50014.7Nauru
7%
40,000-70,0008.33-14.58East Timor
6%

Score Distribution

Percentile by Number Answered

Percent of People with Each Score

Your Score History

You have not taken this quiz